Prienik do budúcnosti V Bulharsku po stopách zanietenia a usilovnej práce (II.)

Bibliographic Details
Main Authors: Stojanov, Dimiter (Author), Nedelčeva, Lora (Author)
Format: Article
Language:Slovak
Subjects:

MARC

LEADER 00000nab a2200000 a 4500
001 vtls000287079
003 SK-MaSNL
005 20260304053921.0
008 150501c1987 xo 0 slo
015 |a SNBRB19rr/mm-uuuuu 
035 |a CL0297197 
040 |a SNKBUCL  |b slo  |c SNKBUCL  |e AACR2 
041 0 |a slo 
044 |a xo  |c SK 
080 |a 631.52:061.62(497.2)  |2 1981 
080 |a 061.62(497.2)  |2 1981 
100 1 |a Stojanov, Dimiter  |4 aut  |9 1338547 
245 1 0 |a Prienik do budúcnosti  |b V Bulharsku po stopách zanietenia a usilovnej práce (II.)  |c Dimiter Stojanov, Lora Nedelčeva 
650 0 7 |a šľachtenie rastlín  |2 snkbucl  |9 3635 
651 7 |a Bulharsko  |2 snkbucl  |9 20172 
655 7 |a články z novín a časopisov  |2 snkbucl  |9 267496 
700 1 |a Nedelčeva, Lora  |4 aut  |9 377132 
773 0 |t Roľnícke noviny  |g Roč. 42, č. 185 (10. 8. 1987), s. 4 
850 |a Slovenská národná knižnica v Martine  |a MTA001 
852 |a SNK  |b KIS3GCP 
958 |a RK 
958 |a BG 
992 |a RBX 
999 |c 2716004  |d 2717934